000 00868nam a2200253Ia 4500
003 OSt
005 20220930084802.0
006 a|||||r|||| 00| 0
007 ta
008 220926b |||||||| |||| 00| 0 eng d
024 _a86057
037 _cTheses
040 _aCRL
_cCRL
_beng
041 _2eng
_aeng
100 _aAjit Pal Singh
_9538451
110 _aUniversity of Delhi. Faculty of Medical Sciences. Department of Medicine
245 0 _aValidation of modified who and ncep atp III criteria of metabolic syndrome for early detection of impaired glucose tolerance and diabetes mellitus
260 _c2006
650 _aMEDICINE
700 _a Dr. Umesh Kansra Gu.
_9519284
700 _aUniversity of Delhi. Faculty of Medical Sciences. Department of Medicine
942 _cDIS
_2CC
999 _c877768
_d877768